000 00664nab a2200181 4500
001 244442
003 OSt
005 20260114084009.0
007 tu
008 260114s2020|||||||
040 _aDE-2950
_cDE-2950
245 0 0 _aDas waren die Top-Themen 2025
_bRückblick. Brände, OB-Wahl, Straßenbahn - welche Ereignisse haben die Menschen in Frankfurt (Oder) im zu ende gehenden Jahr besonders bewegt und interessiert? Hier die Top Ten der Redaktion/
_cThomas Gutke
264 _c2025
653 _aFrankfurt (Oder)
653 _aJahresrückblick
773 0 _g36. Jahrgang (2025) Nr. 302 vom 30.12.2025, S. 15 mit Foto
_tMärkische Oderzeitung
942 _2z
_cA
999 _c374185
_d374185